000 00830nam a2200229Ia 4500
003 GCL
008 140319s9999 xx 000 0 ara d
020 _a9161309977
040 _aGCL /
_cGCL
082 0 4 _a810.90358
_bف خ
100 1 _aفهمى هويدى
245 1 0 _aخيولنا التى لا تصهل :
_bمقالات فى السياسة والتياسة /
_cفهمى هويدى
250 _aالاولى
260 _aالقاهرة :
_bدار الشروق ،
_c2006
300 _a267 ص ؛
_c24 سم
650 0 4 _aالمقالات - مجموعات
650 0 4 _aمصر - الاحوال السياسية
650 0 4 _aالديمقراطية - العالم العربى
650 0 4 _aالمقالات السياسية
650 0 4 _aالمقالات السياسية - مجموعات - مصر
942 _2ddc
_cBK
999 _c9609
_d9609